| 000 | 00979nas a2200289 4500 | ||
|---|---|---|---|
| 001 | BR8803816 | ||
| 003 | BR-BrBNA | ||
| 005 | 20231205091208.0 | ||
| 007 | ta | ||
| 008 | 230509b bl.|||p| |||| 00| 00por d | ||
| 040 |
_aBR-BrBNA _bpor _cBiblioteca Nacional de Agricultura |
||
| 041 | _a(Pt) | ||
| 072 | _aF04 | ||
| 100 | 1 | _aNunes Junior, D. | |
| 100 | 1 | _aMorelli, J.L. | |
| 100 | 1 | _aNelli, E.J. | |
| 245 | 1 | _aComportamento de variedades de cana-de-acucar na presenca de tortas de filtro e de mamona. Parte 2 [Saccharum spp, Brasil] | |
| 246 | 1 | _aBehavior of sugarcane varieties in the presence of sugarcane filter cake and castor bean cake | |
| 650 | _aCANA DE ACUCAR | ||
| 650 | _aADUBACAO | ||
| 650 | _aADUBO ORGÂNICO | ||
| 650 | _aRESIDUO INDUSTRIAL | ||
| 650 | _aPRODUTIVIDADE | ||
| 773 | 0 |
_tBoletim Tecnico COPERSUCAR (Brazil) _xISSN 0100-2996 _g(Apr 1988), (no. 41) p. 3-12 _wBR8803816 |
|
| 909 |
_a202311 _bLúcia _c55 _dLúcia Elande |
||
| 942 |
_2AGRIS _n0 _cANA |
||
| 999 |
_c123466 _d123466 |
||